000 00300nam a2200133Ia 4500
005 20251222144832.0
008 251222s9999||||xx |||||||||||||| ||spa||
020 _a9786124092381
082 _a720.985/I61
245 0 _aRetóricas de la Línea
250 _a1ra.rd
264 _bIPCNA
942 _cLIB
999 _c20887
_d20887